000 00592nam a2200217 a 4500
001 17635
003 CO-ViMGA
008 141112s2004 ck r 000 u spa d
020 _a9682464439
040 _aCO-ViMGA
_bspa
_cCO-ViMGA
082 0 4 _a303.372 L663e
100 1 _aLópez Calva, Martín
_925012
245 1 0 _aEducar la libertad
260 _aMexico.Trillas,
_c2001
300 _a136.p.
590 _aForma de adquisición : Premio - Mincultura
650 1 4 _aAUTOeducación
_925013
650 1 4 _aCONDUCTA DE VIDA
_925014
650 1 4 _aVALORES (PSICOLOGIA)
_925015
942 _2ddc
_cBK
999 _c27128
_d27128